[Event "Sec op-B"]
[Site "Sec u Chrudimi"]
[Date "2007.10.22"]
[Round "3"]
[White "Pazdera, Jaroslav"]
[Black "Tresnak, Lukas"]
[Result "1-0"]
[WhiteElo "1635"]
[BlackElo "1719"]
[PlyCount "61"]
[EventDate "2007.10.20"]
[EventType "swiss"]
[EventRounds "9"]
[EventCountry "CZE"]
[SourceTitle "EXT 2022"]
[Source "ChessBase"]
[SourceDate "2021.10.06"]
[SourceVersion "1"]
[SourceVersionDate "2021.10.06"]
[SourceQuality "1"]

1. e4 e5 2. Bc4 Nf6 3. d3 c6 4. Be3 Be7 5. Nf3 0-0 6. Nxe5 Qa5+ 7. Nd2 Qxe5 8. d4 Qc7 9. e5 Nd5 10. 0-0 d6 11. Qh5 Be6 12. Ne4 Nxe3 13. exd6 Bxd6 14. Ng5 h6 15. Nxe6 fxe6 16. Bxe6+ Kh8 17. fxe3 Nd7 18. e4 Qd8 19. e5 Bc7 20. Qg6 Rxf1+ 21. Rxf1 Nf8 22. Rxf8+ Qxf8 23. Bf5 Qg8 24. g4 Rf8 25. b3 Rxf5 26. gxf5 Qd8 27. c3 Qg5+ 28. Qxg5 hxg5 29. Kf2 c5 30. e6 cxd4 31. e7 1-0

[Event "CZE-ch Juniors op-B"]
[Site "Zlate Hory"]
[Date "2006.03.15"]
[Round "6"]
[White "Pazdera, Jaroslav"]
[Black "Santora, Jiri"]
[Result "1-0"]
[WhiteElo "1613"]
[BlackElo "1607"]
[PlyCount "71"]
[EventDate "2006.03.11"]
[EventType "swiss"]
[EventRounds "9"]
[EventCountry "CZE"]
[SourceTitle "EXT 2008"]
[Source "ChessBase"]
[SourceDate "2007.11.25"]
[SourceVersion "1"]
[SourceVersionDate "2007.11.25"]
[SourceQuality "1"]

1. e4 e5 2. Bc4 Nf6 3. d3 Nc6 4. Be3 d5 5. exd5 Nxd5 6. Nd2 Nxe3 7. fxe3 Bc5 8. Qf3 0-0 9. c3 Qg5 10. d4 exd4 11. Ne4 Qe7 12. exd4 Na5 13. Be2 Bd6 14. h4 Be6 15. Nxd6 cxd6 16. b3 b5 17. Qe3 Qd7 18. Kf2 Rae8 19. Qg5 f5 20. Nf3 a6 21. h5 h6 22. Qf4 Nc6 23. c4 bxc4 24. bxc4 d5 25. c5 Ra8 26. Rab1 Rfb8 27. a4 Rb4 28. Rxb4 Nxb4 29. Rb1 Qxa4 30. Qd6 Re8 31. Qb6 a5 32. Kg3 Qa2 33. Bb5 f4+ 34. Kh2 Qxb1 35. Bxe8 Qe4 36. Bg6 1-0

[Event "CZE-ch Juniors op-B"]
[Site "Zlate Hory"]
[Date "2006.03.13"]
[Round "3"]
[White "Seiner, Frantisek"]
[Black "Pazdera, Jaroslav"]
[Result "1-0"]
[WhiteElo "1699"]
[BlackElo "1613"]
[PlyCount "61"]
[EventDate "2006.03.11"]
[EventType "swiss"]
[EventRounds "9"]
[EventCountry "CZE"]
[SourceTitle "EXT 2008"]
[Source "ChessBase"]
[SourceDate "2007.11.25"]
[SourceVersion "1"]
[SourceVersionDate "2007.11.25"]
[SourceQuality "1"]

1. d4 d5 2. c4 dxc4 3. Nc3 Nf6 4. Bg5 Nd5 5. e4 Nxc3 6. bxc3 b5 7. a4 c6 8. Nf3 f6 9. Bh4 Bb7 10. Be2 Nd7 11. 0-0 e6 12. Qb1 a6 13. Bxc4 bxc4 14. Qxb7 Qc8 15. Rab1 Bd6 16. Bg3 e5 17. Nd2 Ke7 18. Nxc4 Qxb7 19. Rxb7 Rhb8 20. Rfb1 Ke6 21. f3 Ra7 22. Nxd6 Raxb7 23. Nxb7 Ke7 24. Rb3 g6 25. Nc5 Rxb3 26. Nxb3 Nb6 27. Nc5 exd4 28. cxd4 a5 29. Kf2 h5 30. Ke2 f5 31. Kd3 1-0